000 004200000a22001810004500
003 MACL
005 20150929103823.0
008 150929b xxu||||| |||| 00| 0 eng d
040 _aMACL
_cMACL
041 _aEnglish
082 _a891/VEN
100 _aVenkatachalam, V
_912518
245 _aBhasa
260 _bSahitya Akademi
_c1986
_aNew Delhi
350 _a40
650 _aLiterature
_912519
942 _cBK
_k891
_2ddc
999 _c5766
_d5766